00783nam a2200205Ia 450000500170000000800410001702000300005804000190008804100120010708200170011924501250013626000550026130000100031644000510032650400500037765000530042765100550048070000320053585000100056720230516130848.0140110s9999 xx 000 0 und d a9781405192453cRs.2468.00 aLoreto College aEnglish a823.509bBAC 2aA companion to the eighteenth-century English novel and culturecEdited by Paula R. Backscheider and Catherine Ingrassia aChichester, West Sussex, UKbWiley-Blackwellc2009 a556p. aBlackwell companions to literature and culture aIncludes bibliographical references and index aEnglish Novel-18th century-History and criticism aEnglish Fiction-18th century-History and criticism aBackscheider, Paula R., ed. aLCLIB